[Event "Asia-ch U20"]
[Site "Waskaduwa"]
[Date "2021.12.21"]
[Round "7"]
[White "Hazza, Salah Mohammed"]
[Black "Alnaimi, Geith"]
[Result "1/2-1/2"]
[WhiteElo "1318"]
[BlackElo "1280"]
[PlyCount "66"]
[EventDate "2021.12.17"]
[EventType "swiss"]
[EventRounds "9"]
[EventCountry "SRI"]
[SourceTitle "CBM 206 Extra"]
[Source "ChessBase"]
[SourceDate "2022.03.31"]
[SourceVersion "1"]
[SourceVersionDate "2022.03.31"]
[SourceQuality "1"]

1. e4 c6 2. d4 d5 3. exd5 cxd5 4. Bf4 Nc6 5. Nc3 Bf5 6. Nf3 e6 7. Bb5 Bd6 8. Bxd6 Qxd6 9. Qe2 Nge7 10. a3 a6 11. Bd3 Bxd3 12. Qxd3 Nf5 13. 0-0 0-0 14. g3 Rac8 15. Ne2 Qc7 16. c3 h6 17. Rfe1 Nd6 18. Nd2 Na5 19. Nf4 Nac4 20. Nxc4 Nxc4 21. Re2 Qb6 22. Qf3 Rfe8 23. Rae1 Qd8 24. Nxd5 Nxb2 25. Rxb2 Qxd5 26. Qxd5 exd5 27. Rxe8+ Rxe8 28. Rxb7 Re1+ 29. Kg2 Ra1 30. Rb8+ Kh7 31. Rd8 Rxa3 32. Rxd5 Rxc3 33. Ra5 Rd3 1/2-1/2

[Event "Asia-ch U20"]
[Site "Waskaduwa"]
[Date "2021.12.19"]
[Round "4"]
[White "Alnaimi, Geith"]
[Black "Induwara, THD Thisarindu"]
[Result "1/2-1/2"]
[WhiteElo "1280"]
[BlackElo "1359"]
[PlyCount "69"]
[EventDate "2021.12.17"]
[EventType "swiss"]
[EventRounds "9"]
[EventCountry "SRI"]
[SourceTitle "CBM 206 Extra"]
[Source "ChessBase"]
[SourceDate "2022.03.31"]
[SourceVersion "1"]
[SourceVersionDate "2022.03.31"]
[SourceQuality "1"]

1. c4 e6 2. g3 d5 3. Bg2 Nf6 4. Nf3 dxc4 5. Qa4+ Nbd7 6. Qxc4 a6 7. Qc2 c5 8. 0-0 Bd6 9. d4 Qc7 10. Nc3 Rb8 11. e4 cxd4 12. Nxd4 b5 13. Qe2 Bb7 14. Be3 0-0 15. Rac1 Qd8 16. Rfd1 Qe7 17. f4 Bc5 18. e5 Ne8 19. Bxb7 Rxb7 20. Kg2 Qd8 21. Nxe6 fxe6 22. Bxc5 Rf7 23. Ne4 Qa8 24. Kh3 h6 25. b4 Nf8 26. Qg4 Rf5 27. Nd6 Nxd6 28. Rxd6 Rbf7 29. Rd4 g6 30. Qe2 Rh5+ 31. Kg4 Nd7 32. Rd6 Nxe5+ 33. fxe5 Rg5+ 34. Kh3 Rh5+ 35. Kg4 1/2-1/2